000 00350nam a2200133 i 4500
001 bg
100 1 _aRYNG, Marian
245 0 _aBHP i zabezpieczenie przeciwpożarowe w przemyśle chemicznym :
_bporadnik /
_cMarian Ryng.
260 _aWarszawa,
_c1976.
040 _cBPK
041 _apol
942 _cKS
008 s pl f |000 0 pol
999 _c27508
_d27508
856 _uhttp://koha.tu.koszalin.pl/cgi-bin/koha/opac-detail.pl?biblionumber=27508
_yKatalog online BPK